00529nam a2200157Ia 4500003000900000008004100009020001800050040001600068080001800084100002300102245013500125260003500260300001400295650004100309650002100350IN-BaIIA211028s9999 xx 000 0 eng d a0-12-710701-0 cIIA Library a535.36bVAN-1 aVan De Hulst, H. C 0aMultiple light scatteringbtables, formulas and applications; vol. 1cH. C. Van De Hulst  aNew YorkbAcademic Pressc1980 axi, 299p. aAstronomy and Astrophysics Thesaurus aLight Scattering